000
00327nam a2200145Ia 4500
003
OSt
008
191201s2008 xx 000 0 und d
100
_a
BALAGURUSAMY, E
245
0
_a
Object Oriented Programming with C++
250
_a
Rep.
260
_c
2008
_b
TMH
_a
N.Delhi
300
_a
637
650
_a
CSE
942
_2
ddc
_c
BB
999
_c
7291
_d
7291